000 00487nam a22001577a 4500
005 20260429090732.0
008 260429b |||||||| |||| 00| 0 eng d
020 _a978-93-5250-120-5
050 _aRT 98.B37 2016
100 _aBASAVANTHAPPA BT
245 _aPRACTICE WORKBOOK OF COMMUNITY HEALTH NURSING
_bFOR BSC AND PB BSC NURSING STUDENTS
260 _aNEW DELHI
_bJAYPEE BROTHERS MEDICAL PUBLISHERS
_c2016
300 _aX,226
500 _aINCLUDES AN APPENDIX
942 _2lcc
_cBK
999 _c217066
_d217066